LEADER 01016nam a2200253 u 4500 001 000000000741 003 CaOOAMICUS 005 20070226104232.0 008 940517s1952 fr u000 u fre u 035 $a10014338 040 $aIAR$bita 100 1 $aPacaut, Marcel,$d1920-2002.$0(OLS)http://pul/name/835 245 12$aL'iconographie chrétienne /$cpar Marcel Pacaut. 260 $aParis :$bPresses Universitaires de France,$c1952. 300 $a126 p. ;$c18 cm 490 1 $aQue sais-je? ;$v553 504 $aBibliography: p.127. 650 0$aChristian art and symbolism.$2//eng$0(OLS)http://pul/subject/806 830 0$aQue sais-je? ;$v553.$0(OLS)http://pul/title/1057 850 $aPUL 852 $aPUL$W1$xDP1 Fondo Cecchetti$y53$m268 C 55$j952$nBK-PRI$b $qFondi$B952$CPULBib$Z2$F952 $HPUL2566 $81 941 1 $a1 996 $6245$aL'iconographie chrétienne$9(OLS)http://pul/title/1056 996 $6260$aParis :$bPresses Universitaires de France$9(OLS)http://pul/publisher/47940 LEADER 00907naa a2200229 u 4500 001 000000095404 003 CaOOAMICUS 005 20070226130142.0 008 040629s1979 enkc u000 u eng u 020 $a0860780368 035 $a11002416 040 $aIAR$bita 100 1 $aTierney, Brian,$d1922-2019.$0(OLS)http://pul/name/410 245 10$aBracton on Government /$cBrian Tierney. 260 $aLondon :$bVariorum reprints,$c1979. 300 $a[23] S., ;$c23 cm 600 14$aBracton, Henry de,$dm. 1268.$0(OLS)http://pul/subject/10500 773 0 $aChurch law and constitutional thought in the middle ages. 773 0 $aTierney, Brian.$tChurch law and constitutional thought in the Middle Ages$w()395 996 $6020$a0860780368$9(OLS)http://pul/number/440 996 $6245$aBracton on Government$9(OLS)http://pul/title/122278 996 $6260$aLondon :$bVariorum reprints$9(OLS)http://pul/publisher/62198